[Event "Sao Paulo Pascoa op"]
[Site "Sao Paulo"]
[Date "2024.03.31"]
[Round "6"]
[White "Cavalcante, Theo Lopes"]
[Black "Kikuchi, Alexandre Hideki Lo"]
[Result "0-1"]
[WhiteElo "1800"]
[BlackElo "1740"]
[PlyCount "78"]
[EventDate "2024.03.29"]
[EventType "swiss"]
[EventRounds "6"]
[EventCountry "BRA"]
[SourceTitle "CB14_2024"]
[SourceDate "2024.04.01"]
[SourceVersion "1"]
[SourceVersionDate "2024.04.01"]
[SourceQuality "1"]

1. e4 c5 2. Nf3 e6 3. d4 cxd4 4. Nxd4 Nc6 5. Nc3 Qc7 6. Ndb5 Qd8 7. g3 a6 8. Nd4 Qc7 9. Bg2 b5 10. 0-0 Bb7 11. Re1 Be7 12. a3 Nf6 13. Nf3 d6 14. Qe2 0-0 15. e5 dxe5 16. Nxe5 Nxe5 17. Bxb7 Qxb7 18. Qxe5 Rfd8 19. Bf4 Bd6 20. Qd4 Bxa3 21. Qe3 Bxb2 22. Rad1 Bxc3 23. Qxc3 Rxd1 24. Rxd1 Nd5 25. Qd3 h6 26. Qf3 Qe7 27. Re1 Qf6 28. Re5 Rd8 29. Qg4 Nxf4 30. gxf4 Rd4 31. Rc5 Qxf4 32. Rc8+ Kh7 33. Qxf4 Rxf4 34. Ra8 Ra4 35. Kf1 Ra2 36. Ra7 f6 37. Kg2 a5 38. Kf3 a4 39. Ke3 Rxc2 0-1

[Event "Sao Paulo Pascoa op"]
[Site "Sao Paulo"]
[Date "2024.03.30"]
[Round "3"]
[White "Kikuchi, Alexandre Hideki Lo"]
[Black "Rodrigues, Leonardo De Miranda"]
[Result "0-1"]
[WhiteElo "1740"]
[BlackElo "2071"]
[PlyCount "62"]
[EventDate "2024.03.29"]
[EventType "swiss"]
[EventRounds "6"]
[EventCountry "BRA"]
[SourceTitle "CB14_2024"]
[SourceDate "2024.04.01"]
[SourceVersion "1"]
[SourceVersionDate "2024.04.01"]
[SourceQuality "1"]

1. d4 c5 2. e3 Nf6 3. Nf3 g6 4. Nc3 Bg7 5. d5 0-0 6. e4 d6 7. Bc4 b5 8. Bxb5 Nxe4 9. Nxe4 Qa5+ 10. Nc3 Bxc3+ 11. bxc3 Qxb5 12. Qd3 Ba6 13. Bh6 Re8 14. Qxb5 Bxb5 15. Rb1 Bc4 16. Rd1 Nd7 17. Nd2 Bxd5 18. c4 Bxg2 19. Rg1 Bc6 20. f4 f5 21. Nf1 Nf6 22. Ng3 Bd7 23. h3 Rab8 24. Kd2 Rb4 25. Kd3 Be6 26. c3 Ra4 27. Rd2 Kf7 28. Rb1 Bxc4+ 29. Ke3 Ra3 30. Kf2 Rxc3 31. Ne2 Ne4+ 0-1

[Event "Florianopolis op 9th"]
[Site "Florianopolis"]
[Date "2023.01.29"]
[Round "10"]
[White "Kikuchi, Alexandre Hideki Lo"]
[Black "Montiel Caceres, Helen"]
[Result "0-1"]
[WhiteElo "1800"]
[BlackElo "1723"]
[PlyCount "106"]
[EventDate "2023.01.23"]
[EventType "swiss"]
[EventRounds "10"]
[EventCountry "BRA"]
[SourceTitle "CBM 212 Extra"]
[Source "ChessBase"]
[SourceDate "2023.03.31"]
[SourceVersion "1"]
[SourceVersionDate "2023.03.31"]
[SourceQuality "1"]

1. d4 Nf6 2. Nf3 e6 3. Bf4 d5 4. Nbd2 Bd6 5. Bg3 b6 6. e3 c5 7. Bb5+ Kf8 8. c3 Bb7 9. Ne5 a6 10. Be2 Nc6 11. 0-0 Qc7 12. Nxc6 Qxc6 13. Bxd6+ Qxd6 14. f4 g6 15. Qe1 Kg7 16. Qg3 a5 17. Bb5 a4 18. a3 Ba6 19. Bxa6 Rxa6 20. Rae1 Qc6 21. f5 exf5 22. Rxf5 Re8 23. Ref1 Re6 24. e4 Ra7 25. exd5 Nxd5 26. Re5 cxd4 27. Rxe6 Qxe6 28. cxd4 Re7 29. Nf3 Qe3+ 30. Qf2 Qxf2+ 31. Kxf2 Re4 32. Re1 Rxe1 33. Nxe1 f5 34. Nd3 Kf7 35. g3 Ke7 36. Kf3 Kf6 37. Nf4 Nxf4 38. gxf4 Ke6 39. Ke2 Kd6 40. Kd2 h6 41. h4 Kd5 42. Kd3 h5 43. Kc3 Ke4 44. Kc4 Kxf4 45. Kd5 Ke3 46. Ke5 f4 47. d5 f3 48. d6 f2 49. d7 f1Q 50. d8Q Qf5+ 51. Kd6 Qd3+ 52. Ke7 Qxd8+ 53. Kxd8 Kd2 0-1

[Event "Florianopolis op 9th"]
[Site "Florianopolis"]
[Date "2023.01.28"]
[Round "8"]
[White "Kikuchi, Alexandre Hideki Lo"]
[Black "Ribeiro, Fabiano Pinto"]
[Result "0-1"]
[WhiteElo "1800"]
[BlackElo "1865"]
[PlyCount "112"]
[EventDate "2023.01.23"]
[EventType "swiss"]
[EventRounds "10"]
[EventCountry "BRA"]
[SourceTitle "CBM 212 Extra"]
[Source "ChessBase"]
[SourceDate "2023.03.31"]
[SourceVersion "1"]
[SourceVersionDate "2023.03.31"]
[SourceQuality "1"]

1. d4 d5 2. Bf4 Nf6 3. Nf3 c5 4. c3 Nc6 5. e3 Qb6 6. Qb3 c4 7. Qxb6 axb6 8. Nbd2 b5 9. h3 b4 10. Ne5 bxc3 11. bxc3 Ra3 12. Nb1 Ra4 13. Nxc6 bxc6 14. g4 h6 15. Be2 e6 16. Bd1 Ra6 17. a4 c5 18. Nd2 cxd4 19. exd4 Be7 20. Bc2 0-0 21. Nf3 Bd8 22. g5 Nh5 23. Bd2 hxg5 24. Bxg5 Bxg5 25. Nxg5 Re8 26. Kd2 Bd7 27. Ra3 e5 28. Re1 e4 29. Nxe4 dxe4 30. Rxe4 Rxe4 31. Bxe4 Rxa4 32. Rxa4 Bxa4 33. Ke3 Nf6 34. Bg2 Kf8 35. d5 Ke7 36. Kd4 Bb3 37. Bf3 Kd6 38. h4 Nd7 39. Bh5 g6 40. Bf3 Nb6 41. Bg2 Na8 42. Bf1 Nc7 43. Bxc4 Bxc4 44. Kxc4 Nxd5 45. Kd4 Ne7 46. Ke4 Ke6 47. Kf3 Kf5 48. Kg3 Nd5 49. c4 Nf6 50. f3 Ke5 51. f4+ Kf5 52. c5 Ne4+ 53. Kf3 Nxc5 54. Kg3 Ne6 55. Kf3 Nxf4 56. Kg3 Nh5+ 0-1

[Event "Florianopolis op 9th"]
[Site "Florianopolis"]
[Date "2023.01.26"]
[Round "6"]
[White "Kikuchi, Alexandre Hideki Lo"]
[Black "Oliveira, Sara Beatris Silva"]
[Result "1-0"]
[WhiteElo "1800"]
[BlackElo "1535"]
[PlyCount "92"]
[EventDate "2023.01.23"]
[EventType "swiss"]
[EventRounds "10"]
[EventCountry "BRA"]
[SourceTitle "CBM 212 Extra"]
[Source "ChessBase"]
[SourceDate "2023.03.31"]
[SourceVersion "1"]
[SourceVersionDate "2023.03.31"]
[SourceQuality "1"]

1. d4 Nf6 2. Bf4 g6 3. Nf3 Bg7 4. e3 0-0 5. Nbd2 d6 6. h3 Nbd7 7. Be2 e5 8. dxe5 dxe5 9. Nxe5 Nxe5 10. Bxe5 Qd5 11. Nf3 Qc6 12. 0-0 Bf5 13. Nd4 Qb6 14. Nxf5 gxf5 15. Bd3 Rfe8 16. Bc3 Rad8 17. Qf3 Rd5 18. Bxf6 Rxd3 19. cxd3 Bxf6 20. d4 Bg7 21. Qxf5 Re6 22. Rac1 Bf8 23. Rc2 Bd6 24. Rfc1 Kg7 25. b3 Rf6 26. Qd3 Qa5 27. e4 Rg6 28. e5 Qd5 29. f4 Ba3 30. Rf1 c5 31. Rd2 cxd4 32. Rf3 Kf8 33. Rg3 Rh6 34. Kh2 Bc5 35. Rc2 a5 36. Qf5 b6 37. Qc8+ Ke7 38. Rg8 Rxh3+ 39. gxh3 Qd7 40. Qxd7+ Kxd7 41. Rg7 Ke6 42. Rxh7 Ke7 43. f5 Kf8 44. f6 Ke8 45. h4 d3 46. Rd2 Be3 1-0